| 000 | 00624nam a2200205 u 4500 | ||
|---|---|---|---|
| 005 | 20240224063800.0 | ||
| 008 | 190207s2011 ea r 000 0 spa d | ||
| 020 | _a1450811825 (10 dígitos) | ||
| 020 | _a9781450811828 (13 dígitos) | ||
| 035 | _aUPN01000228887 | ||
| 049 | _aI | ||
| 050 | 4 |
_aQA141.3 _bB4.3 |
|
| 245 | 0 | 0 |
_aBebés : _bnúmeros. |
| 260 |
_aLincolnwood, E.U.A. : _bPublications International, _cc2011. |
||
| 300 |
_a[16] p. : _aprincipalmente il. |
||
| 650 | 4 |
_aNumeración _vLiteratura infantil _924354 |
|
| 650 | 7 |
_aLibros ilustrados para niños _2 _921365 |
|
| 905 | _aInfantil | ||
| 999 |
_c200982 _d200982 |
||